000 01049nam a2200277 i 4500
003 DO-SdBNP
005 20250723110024.0
007 ta
008 250723s1986 dr ao 000 0 spa d
040 _aDO-SdBNP
_bspa
_cBNPHU
_erda
041 _aspa
082 _axxx
_bL864
_222
100 1 _aLópez Tuero, J.
_eautor
_975918
_4aut.
_qJuan López Tuero
245 1 0 _aManual práctico del criador de cerdos :
_bsu cría y explotación en Rep. Dominicana /
_cJ. López Tuero, J. López Rosario ; presentación, Radhamés Silverio
264 1 _aSanto Domingo :
_bImpresos CIAC,
_c1986.
300 _a152 páginas :
_bilustraciones, fotografías
_c21 cm.
336 _atexto
_btxt
_2rdacontent
337 _asin mediación
_bn
_2rdamedia
338 _avolumen
_bnc
_2rdacarrier
590 _aInventariado, 2025/ YL
700 1 _aLópez Rosario, J.
_eprólogo
_973239
_4pr.
700 1 _aSilverio, Radhamés
_epresentación
_4pr.
_988427
710 _aCentro de Investigación y Apoyo Cultural -CIAC-
_914019
910 _aYLockward
942 _2ddc
_cLBS1
999 _c59623
_d59623